Southville International School and Colleges
Your cart is empty.
  • Cart
  • Lists
    Public lists Eva Luna New books Lux_list list_1
    Your lists Log in to create your own lists
  • Log in to your account
  • Your cookies
  • Search history
Southville International School and Colleges
  • Advanced search
  • Recent comments
  • Most popular
  • Libraries

Log in to your account

Log in with GOOGLE


If you do not have an external account, but do have a local account, you can still log in:

  1. Home
  2. MARC view: The Effects of martial arts to S.I.S. and St. Francis students /
Normal view MARC view ISBD view

The Effects of martial arts to S.I.S. and St. Francis students / (Record no. 96245)

[ view plain ]
MARC details
000 -LEADER
fixed length control field 00803nam a2200205 a 4500
003 - CONTROL NUMBER IDENTIFIER
control field 0
005 - DATE AND TIME OF LATEST TRANSACTION
control field 20250624105802.0
008 - FIXED-LENGTH DATA ELEMENTS--GENERAL INFORMATION
fixed length control field 021118s19uu xx 00 eng d
050 ## - LIBRARY OF CONGRESS CALL NUMBER
Classification number PHS GV 1111
Item number .T85 1999
100 ## - MAIN ENTRY--PERSONAL NAME
Personal name Tui, Charles Angelo A.
245 ## - TITLE STATEMENT
Title The Effects of martial arts to S.I.S. and St. Francis students /
Statement of responsibility, etc Charles Angelo A. Tui.
260 ## - PUBLICATION, DISTRIBUTION, ETC. (IMPRINT)
Place of publication, distribution, etc Las Piñas City, Philippines :
Name of publisher, distributor, etc Southville International School and Colleges,
Date of publication, distribution, etc 1999.
300 ## - PHYSICAL DESCRIPTION
Extent 19 pages ;
Dimensions 28 cm.
504 ## - BIBLIOGRAPHY, ETC. NOTE
Bibliography, etc Includes bibliographical references.
650 ## - SUBJECT ADDED ENTRY--TOPICAL TERM
Topical term or geographic name as entry element Martial arts
General subdivision Study and teaching
Geographic subdivision Philippines.
650 ## - SUBJECT ADDED ENTRY--TOPICAL TERM
Topical term or geographic name as entry element Martial arts
General subdivision Psychological aspects
Geographic subdivision Philippines.
650 ## - SUBJECT ADDED ENTRY--TOPICAL TERM
Topical term or geographic name as entry element Sports
General subdivision Moral and ethical aspects
Geographic subdivision Philippines.
650 ## - SUBJECT ADDED ENTRY--TOPICAL TERM
Topical term or geographic name as entry element Self-discipline in adolescence
Geographic subdivision Philippines.
942 ## - ADDED ENTRY ELEMENTS (KOHA)
Source of classification or shelving scheme Library of Congress Classification
Koha item type PASS
Holdings
Withdrawn status Lost status Source of classification or shelving scheme Damaged status Home library Current library Shelving location Date acquired Source of acquisition Total Checkouts Full call number Barcode Date last seen Price effective from Koha item type
    Library of Congress Classification   Luxembourg Library Luxembourg Library Portfolio Assessment of SISC Students Section 11/18/2002 Donation   PHS GV 1111 .T85 1999 P0175 04/08/2014 04/08/2014 PASS

The Effects of martial arts to S.I.S. and St. Francis students /

APA

Tui C. A. A., . (1999). The Effects of martial arts to S.I.S. and St. Francis students. Las Piñas City, Philippines: Southville International School and Colleges.

Chicago

Tui Charles Angelo A, . 1999. The Effects of martial arts to S.I.S. and St. Francis students. Las Piñas City, Philippines: Southville International School and Colleges.

Harvard

Tui C. A. A., . (1999). The Effects of martial arts to S.I.S. and St. Francis students. Las Piñas City, Philippines: Southville International School and Colleges.

MLA

Tui Charles Angelo A, . The Effects of martial arts to S.I.S. and St. Francis students. Las Piñas City, Philippines: Southville International School and Colleges. 1999.

  • Print
  • Cite
  • Add to your cart (remove)
  • Save record
    BIBTEX Dublin Core MARCXML MARC (non-Unicode/MARC-8) MARC (Unicode/UTF-8) MARC (Unicode/UTF-8, Standard) MODS (XML) RIS
  • More searches
    Search for this title in:
    Other Libraries (WorldCat) Other Databases (Google Scholar) Online Stores (Bookfinder.com) Open Library (openlibrary.org)

Exporting to Dublin Core...

SOUTHVILLE LIBRARY

Southville International School and Colleges Library

1281 Tropical Ave. Cor. Luxembourg St., BF Homes International, Las Pinas City

Tel. No. 8256374 / 252358 Loc. 117/146

Powered by Koha